[Event "Moscow Tal Memorial 2nd"]
[Site "Moscow"]
[Date "2007.11.12"]
[Round "3"]
[White "Jakovenko, Dmitrij"]
[Black "Carlsen, Magnus"]
[Result "0-1"]
[WhiteElo "2710"]
[BlackElo "2714"]
[Annotator "Carlsen,M"]
[PlyCount "82"]
[EventDate "2007.11.10"]
[EventType "tourn"]
[EventRounds "9"]
[EventCountry "RUS"]
[EventCategory "20"]
[SourceTitle "CBM 122"]
[Source "ChessBase"]
[SourceDate "2008.01.30"]
[SourceVersion "1"]
[SourceVersionDate "2008.01.30"]
[SourceQuality "1"]

1. d4 Nf6 2. c4 e6 3. Nc3 Bb4 4. Nf3 {I hadn't seen Jakovenko play this before,
so I was somewhat surprised. I soon remembered that Grischuk played this way
against Gelfand in the World championship, so Jakovenko had to be well
prepared for the main lines with c5. Anyway I decided to follow my preparation.
Dies hatte ich bei Jakovenko zuvor noch nicht gesehen, daher war ich etwas
überrascht. Bald fiel mir ein, dass Grischuk bei der Weltmeisterschaft gegen
Gelfand auch so gespielt hatte, also musste Jakovenko für die Hauptabspiele
mit c5 gut gewappnet sein. Trotzdem beschloss ich, meiner Vorbereitung zu
folgen.} c5 5. g3 cxd4 6. Nxd4 O-O 7. Bg2 d5 8. cxd5 Nxd5 9. Qb3 Qa5 10. Bd2
Nc6 11. Nxc6 bxc6 12. O-O Bxc3 13. bxc3 Ba6 14. Rfd1 Qc5 (14... Rab8 15. c4 Qc5
16. cxd5 Rxb3 17. axb3 {and bzw.}) (14... Bxe2 15. c4 {are both known to give
White relatively risk-free pressure. gibt Weiß bekanntlich relativ
risikofreien Druck.}) 15. e4 Bc4 16. Qa4 Nb6 17. Qb4 Qh5 18. Bf4 c5 (18... Be2
19. Re1 c5 20. Qb3 e5 21. Bc1 {was the Grischuk-Gelfand game, where White
developed some pressure. war die Grischuk-Gelfand-Partie, wo Weiß einigen
Druck entwickelte.}) 19. Qb2 (19. Qa5 {was Cheparinov-Carlsen from the World
cup. This game was played only a little more than 3 weeks later (but still in
Russia!). After playing a few more moves relatively quickly I realised that
there was an embarrassing flaw in my preparations, after which I had to defend
an endgame a pawn down, which I luckily managed to do. The former game
continued war Cheparinov-Carlsen aus dem World Cup. Diese Partie fand nur
etwas mehr als 3 Wochen später statt (aber noch immer in Russland!). Nachdem
ich relativ schnell ein paar Züge gemacht hatte, dämmerte mir, dass meine
Vorbereitungen ein peinliches Loch hatten, wonach ich ein Endspiel mit
Minusbauern verteidigen musste, was mir glücklicherweise gelang. Weiter ging
es mit} e5 20. Be3 Be2 21. Re1 Nc4 22. Qa6 Nxe3 23. Rxe2 Nxg2 24. Kxg2 {
The position is quite symmetrical, but the black pawns are weaker than the
white ones, and one of them is bound to fall fairly soon, which did indeed
happen in the game. Die Stellung ist ziemlich symmetrisch, aber die schwarzen
Bauern sind schwächer als die weißen, und einer von ihnen muss ziemlich bald
fallen, was auch tatsächlich in der Partie geschah.}) 19... Rad8 {This appears
to be a novelty. I had indeed prepared the move at home, but it's probably the
most natural move anyway, so I guessed that Jakovenko had taken it into
account Dies scheint eine Neuerung zu sein. Tatsächlich hatte ich den Zug zu
Hause vorbereitet, aber es wahrscheinlich sowieso die natürlichste Fortsetzung,
daher vermutete ich, dass Jakovenko ihn auf dem Zettel hatte.} 20. Re1 {
He spend some time for this move, which was a surprise for me. Anyway I
couldn't remember what to do against it anyway, so I think we were both on our
own from now on Für diesen Zug brauchte er einige Bedenkzeit, was mich
überraschte. Wie dem auch sei, ich konnte mich sowieso nicht mehr daran
erinnern, was dagegen zu tun war, also denke ich, von jetzt an waren wir beide
auf uns allein gestellt.} (20. Rxd8 Rxd8 21. h3 {and und}) (20. f3 {were two
of the most important alternatives. waren zwei der wichtigsten Alternativen.})
20... Rd7 {I liked this move, which prepares the doubling of the rooks, while
at the same time protecting the a-pawn, enabling me to meet Qa3 with Rc8.
Apparently, Black has no problems here.  Dieser Zug gefiel mir - er bereitet
die Turmverdopplung vor und deckt gleichzeitig den a-Bauern, was mir
ermöglicht, Qa3 mit Rc8 zu begegnen. Offenbar hat Schwarz keine Probleme hier.}
21. h3 {A natural move, giving the king some air and preparing g4 in some
lines. Ein natürlicher Zug, dem König wird etwas Luft verschafft und in
manchen Abspielen g4 vorbereitet.} h6 {I decided to make a useful waiting move,
since Ich beschloss, einen nützlichen Wartezug zu machen, denn} (21... Rfd8 22.
Qa3 {isn't really desirable; the rook will have to go to c8 anyway. ist nicht
wirklich wünschenswert; der Turm wird sowieso nach c8 gehen müssen.}) 22. a4 {
My opponent probably felt that since he didn't have many useful moves he had
to do something active. Da er nicht viele nützliche Züge hatte, glaubte mein
Gegner vermutlich, etwas Aktives unternehmen zu müssen.} Ba6 $1 {I have to
make space for the knight. I like this move better than Bd3, as the bishop
seemed to be a little loose there in some lines.  Ich muss Platz für den
Springer machen. Dieser Zug gefällt mir besser als Bd3, denn dort schien der
Läufer in manchen Varianten etwas in der Luft zu hängen.} 23. Qa2 {The
sharpest move, but probably not the best one, as Black seems to benefit from
the coming complications. I think my opponent offered a draw here (or maybe on
the next move), but since I was ahead on time and liked my position, I
declined Der schärfste Zug, aber wahrscheinlich nicht der beste, da die
kommenden Komplikationen Schwarz zu begünstigen scheinen. Ich glaube, hier 
(oder im nächsten Zug) bot mein Gegner Remis an, aber da ich in der Bedenkzeit
vorn lag und mir meine Stellung gefiel, lehnte ich ab.} (23. g4 Qh4 24. Red1 {
was safer and probably better, but Black is certainly not worse in any case.
war sicherer und womöglich besser, aber so oder so steht Schwarz bestimmt
nicht schlechter.}) 23... Rfd8 24. a5 Nc4 25. Bf1 (25. e5 {This move,
preventing e5, was an important alternative, I would then have had to play the
energetic Dieser Zug, der e5 verhindert, war eine wichtige Alternative; darauf
hätte ich das energische} g5 $1 26. g4 (26. Bc1 $2 Rd1 27. Ba3 Rxe1+ 28. Rxe1
Rd1 29. Rxd1 Qxd1+ 30. Kh2 Qa4 $19) 26... Qg6 27. Be4 Qg7 28. Bg3 Nd2 {with
very active play and probably the better chances. spielen müssen, mit sehr
aktivem Spiel und wahrscheinlich den besseren Chancen.}) 25... e5 26. g4 {
Practically forced as Praktisch erzwungen, denn} (26. Bc1 Rd1 27. g4 Rxe1 $1
28. gxh5 Rdd1 {is disastrous for White. ist katastrophal für Weiß.}) 26... Qg6
27. Bxc4 exf4 $1 (27... Bxc4 28. Qxc4 exf4 29. Qxc5 Rd3 {with good counterplay
for the pawn was possible, but rather drawish-looking. I wanted more at this
point. mit gutem Gegenspiel für den Bauern war möglich, sah aber ziemlich
remislich aus. Zu diesem Zeitpunkt wollte ich mehr.}) 28. Bd5 {The logical
follow-up. Die logische Folge.} f3 {The key move. Black is just in time to
prevent White from playing c4 with the better position. h6-h5 is a big threat
now.  Der Schlüsselzug. Schwarz kommt gerade rechtzeitig, um Weiß daran zu
hindern, c4 mit besserer Stellung zu spielen. Jetzt ist h6-h5 eine schwere
Drohung.} 29. c4 $2 {White simply doesn't have time for this. Dazu hat Weiß
einfach keine Zeit.} (29. Re3 Be2 30. Rxe2 fxe2 31. Qxe2 Rb8 {is not very
pleasant for White, but it does give him reasonable chances for survival due
to his strong bishop. ist nicht sonderlich angenehm für Weiß, gibt ihm
angesichts seines starken Läufers aber doch ordentliche Überlebenschancen.})
29... h5 30. Kh2 Qf6 $1 {Threathening Qf4 in some lines, and quite importantly,
attacking the apparently well protected a1-rook.  Droht in einigen Abspielen
Qf4 und greift, ganz wichtig, den scheinbar gut gedeckten Turm a1 an.} 31. Rg1
hxg4 32. Rab1 $2 {The final mistake. White had to try Der letzte Fehler.
Versuchen musste Weiß} (32. Rxg4 Bxc4 33. Qxc4 $1 (33. Bxc4 Rd2 34. Qa4 (34.
Qa3 Rxf2+ 35. Kg1 Qd4 $19) 34... Rxf2+ 35. Kg1 Rfd2 $1 {with the lethal
threats of Qd4+ and Qe5-h2. mit den tödlichen Drohungen Qd4+ und Qe5-h2.} (
35... Qd4 $4 36. Bxf7+ $1 $18)) 33... Qxa1 34. Qxc5 {with some saving chances.
mit einigen Rettungschancen.}) (32. Rac1 Qf4+ 33. Kh1 Qh6 $1 {was certainly
not better than the game. war bestimmt nicht besser als die Partie.}) 32...
Bxc4 $1 {I guess my opponent missed this stroke, which combines a couple of
tactical motifs.  Ich schätze, diesen Schlag, der einige taktische Motive
miteinander kombiniert, hatte mein Gegner übersehen.} 33. Qxc4 Qf4+ 34. Rg3
Rxd5 35. Qxd5 Rxd5 36. exd5 c4 {The simplest. White has such bad coordination
that it's hard to stop the c-pawn.  Am einfachsten. Weiß hat eine derart
schlechte Koordination, dass es schwer ist, den c-Bauern aufzuhalten.} 37. Rd1
{A desperate attempt. But White was lost anyway. Ein verzweifelter Versuch.
Aber Weiß war sowieso verloren.} c3 38. d6 c2 39. Rd3 Qc4 (39... c1=Q 40. d7
Qc2 41. d8=Q+ Kh7 42. Qh4+ Qh6 {would also have won, but I tried to be precise
till the end. hätte ebenfalls gewonnen, aber ich versuchte, bis zum Ende genau
zu spielen.}) 40. Re3 Qc6 (40... c1=Q 41. d7 Qd2 {was quicker, but the text is
more than sufficient. ging schneller, aber der Textzug ist mehr als
ausreichend.}) 41. Rd3 Qc5 $1 {And since 42.Rd2 c1=Q would attack the white
rook White has no sensible way to protect f2, so he resigned. My only victory
in the Tal memorial so far, but a very pleasing one! Und da 42.Rd2 c1=Q den
weißen Turm angreifen würde, hat Weiß keine vernünftige Möglichkeit, f2 zu
decken, daher gab er auf. Mein einziger Sieg im Tal Memorial bislang, aber ein
sehr angenehmer!} 0-1

[Event "Moscow Tal Memorial 2nd"]
[Site "Moscow"]
[Date "2007.11.16"]
[Round "6"]
[White "Shirov, Alexei"]
[Black "Carlsen, Magnus"]
[Result "1-0"]
[WhiteElo "2739"]
[BlackElo "2714"]
[Annotator "Postny,E"]
[PlyCount "67"]
[EventDate "2007.11.10"]
[EventType "tourn"]
[EventRounds "9"]
[EventCountry "RUS"]
[EventCategory "20"]
[SourceTitle "CBM 122"]
[Source "ChessBase"]
[SourceDate "2008.01.30"]
[SourceVersion "1"]
[SourceVersionDate "2008.01.30"]
[SourceQuality "1"]

1. e4 e5 2. Nf3 Nc6 3. Bb5 a6 4. Ba4 Nf6 5. O-O Nxe4 6. d4 b5 7. Bb3 d5 8. dxe5
Be6 9. Nbd2 Be7 10. c3 O-O 11. Re1 {Recently, this half-forgotten move has
come back to top level tournaments.} ({In the last few years, the discussion
has been mainly around the following line:} 11. Bc2 f5 12. Nb3 Qd7 13. Nbd4
Nxd4 14. Nxd4 c5 15. Nxe6 Qxe6 16. f3 Ng5 {Black has achieved reasonable
practical results.}) 11... Nc5 12. Nd4 (12. Bc2 {is a normal alternative, but
then Black can push} d4 {with good chances to equalise.}) 12... Nxd4 {In my
opinion, this exchange is a strategical concession, because it helps White to
strenghten his centre and get an open c-file at his disposal. Black, for his
part, is counting on a pair of bishops in the long run. Still, the alternative
12...Qd7 seems to me a more flexible continuation.} (12... Qd7 13. Bc2 Bg4 14.
f3 Bh5 15. Nf5 $6 {White should keep up the blockade on d4.} (15. N2b3 {
looks much more solid.}) 15... Bg6 16. g4 $6 {Consequently continuing the
dubious idea.} d4 $1 {A typical strike in the centre.} 17. cxd4 Bxf5 18. Bxf5
Qxd4+ 19. Kg2 Nxe5 20. Nb3 Qxd1 21. Rxd1 Na4 $17 {1/2-1/2 Shirov,A (2739)
-Ivanchuk,V (2787)/Moscow 2007/EXT 2008 (53)}) 13. cxd4 Nd3 (13... Nxb3 14.
Nxb3 {Now, Black is not able to make the c7-c5 thrust. The Pc7 will be weak
forever.} a5 15. Qc2 Qd7 16. Bd2 Bf5 17. Nc5 Bxc2 18. Nxd7 Rfd8 19. Rac1 Bf5
20. Nc5 {with a stable advantage for White. 1-0 Svidler,P (2732)-Sutovsky,E 
(2655)/Crete 2007/CBM 121 (62)}) 14. Re3 Nxc1 15. Rxc1 c5 $1 {Without this
strike Black won't get out of the pressure. On the other hand, the whole line
seems to be in White's favour.} (15... Rc8 $6 16. Rc6 Qd7 17. Rec3 {with
strong pressure along the c-file.}) 16. dxc5 Rc8 17. Rec3 $6 $146 {In the
previous games White achieved a pleasant advantage by the prosaic 17.Rd3.} (17.
Rd3 Qc7 (17... Rxc5 18. Rxc5 Bxc5 19. Ne4 Ba7 20. Bxd5 Qh4 21. g3 Qh3 22. Bxe6
Qxe6 23. Rd5 $16 {1/2-1/2 Luther,T (2575)-De Vreugt,D (2504)/Santo Domingo
2003/CBM 097 ext (61)}) 18. Bxd5 Bxc5 19. Nb3 Qb6 20. Nxc5 Rxc5 21. Rxc5 Qxc5
22. h3 $16 {0-1 Geller,E-Suetin,A/Moscow 1950/URS-ch (35)}) 17... b4 (17... d4
18. Rd3 Rxc5 19. Bxe6 fxe6 20. Nf3 $14) 18. R3c2 $1 {Shirov is ready to
sacrifice an exchange.} Bf5 19. c6 Bxc2 20. Rxc2 {In this position White has
more than enough compensation for the exchange. His passed Pc6 is very strong.
Soon, the knight will be transfered to an ideal blockading square d4.} Qa5 (
20... Qb6 21. Ba4 $14 {and White keeps his strong passed pawn.} (21. Bxd5 $6
Qd4 22. Bf3 Qxe5 {helps Black to achieve central and open lines for his major
pieces.})) ({But, Black could still be pretty much in the game after} 20... d4
$1 21. e6 d3 22. exf7+ Kh8) 21. Nf3 Rfd8 22. Nd4 g6 23. e6 $1 {Everything is
ready for an attack on the light squares.} Bf6 24. exf7+ Kxf7 25. h4 $6 {
Making 'luft' for the king secures White from getting mated along the back
rank, but actually this is a waste of time.} (25. Qg4 Re8 26. Qd7+ Kg8 27. Re2
$1 (27. Bxd5+ $2 Kh8 {[%csl Rd4,Re1]}) 27... Red8 28. Qe6+ Kg7 29. Qg4 Kf7 30.
Ne6 Rxc6 31. Nxd8+ Qxd8 32. Qxb4 Rc1+ 33. Re1 Qb6 34. Qd2 Rxe1+ 35. Qxe1 Bxb2
36. Bxd5+ Kf8 {Black might hold this endgame with accurate defence, counting
on the opposite coloured bishops.}) 25... Qb6 26. Rd2 Rd6 $2 {Carlsen
definitely missed Shirov's reply. It was necessary to eliminate the knight.} (
26... Bxd4 27. Rxd4 Rxc6 28. Rxd5 Ke7 $1 {An important defensive resourse. The
Steinitz principle is working! The king is able to defend himself in the
centre. Black keeps the balance.} 29. Qe1+ Re6 30. Re5 Rxe5 31. Qxe5+ Kd7 32.
Qg7+ Kc8 33. Qxh7 Rf8 34. Qe7 Qxf2+ 35. Kh2 Qf4+ 36. Kh3 Qf5+ $11) {[%tqu "En",
"Black's last move was a mistake. How can White exploit it?","","","d4f5",
"Such tactical punches are meat and drink to Shirov!",10]} 27. Nf5 $1 {[%mdl
64] Such tactical punches are meat and drink to Shirov!} Rdxc6 (27... gxf5 28.
Rxd5 Rxd5 29. Qxd5+ Kg7 30. Qf7+ Kh6 31. Qxf6+ Kh5 32. Bd1# {The point of 27.
Nf5.}) 28. Bxd5+ (28. Rxd5 $2 Kf8 $1) 28... Kf8 29. Bxc6 Rxc6 (29... Qxc6 30.
Rd6 $18 {[%csl Rc6,Rf6]}) 30. Ne3 Bxh4 31. Qf3+ Rf6 $2 {This move leaves the
bishop totally misplaced on h4 and loses outright.} ({It was still possible to
put up very stubborn resistance after} 31... Bf6 32. Ng4 Re6 33. Rd7 Qc6 34.
Rf7+ Kxf7 35. Ne5+ Rxe5 36. Qxc6 Re6) 32. Qa8+ Kg7 33. Qe4 {[%csl Rh4][%cal
Ge4e7]} b3 {Desperation, but there is nothing else he can do.} 34. axb3 (34.
axb3 Bg5 35. Qe7+ Kh6 36. Ng4+ $18) 1-0

[Event "World Cup"]
[Site "Khanty-Mansiysk"]
[Date "2007.11.30"]
[Round "3.1"]
[White "Dominguez Perez, Leinier"]
[Black "Carlsen, Magnus"]
[Result "1/2-1/2"]
[WhiteElo "2683"]
[BlackElo "2714"]
[Annotator "Marin,M"]
[PlyCount "89"]
[EventDate "2007.11.24"]
[EventType "k.o."]
[EventRounds "7"]
[EventCountry "RUS"]
[SourceTitle "CBM 122"]
[Source "ChessBase"]
[SourceDate "2008.01.30"]
[SourceVersion "1"]
[SourceVersionDate "2008.01.30"]
[SourceQuality "1"]

1. e4 e5 2. Nf3 Nc6 3. Bb5 a6 4. Ba4 Nf6 5. O-O Be7 6. Re1 b5 7. Bb3 d6 8. c3
O-O 9. h3 Na5 10. Bc2 d5 $5 {This highly unusual move seems to be part of
Carslen's special preparation for the World Cup 2008.} 11. d4 ({A couple of
days later,} 11. exd5 {was tried in Adams,M (2729)-Carlsen,M (2714)/
Khanty-Mansiysk RUS 2007/CBM 122/[Marin] (1/2-1/2, 83)}) 11... dxe4 12. Nxe5 c5
13. Bg5 {We are following the main theoretical stream still.} ({However, the
solid} 13. Be3 {is less inoffensive than it might look.} Bb7 14. Nd2 Qd5 $6 {
This pseudo-active move places the queen on a vulnerable square and deprives
the f6-knight of the possibility of a jump to the centre.} (14... Qc7 $6 15.
Bf4 $1 {[%csl Gc7,Ge4]}) (14... Rc8 $5 $13 {might be better} 15. Ng4 $140 Nd5
$1) 15. Ng4 $1 {[%csl Ge4]} cxd4 (15... Nxg4 16. hxg4 f5 17. gxf5 Qxf5 18. f3
$5 $14) 16. Bxd4 $1 e3 $5 (16... Nxg4 17. Qxg4 $18 {[%csl Ge4,Gg7]}) 17. Nxe3
Qc6 18. Nf3 $16 {Kotronias,V (2614)-Mastrovasilis,A (2529)/Igoumenitsa 2007 
(1-0, 36)}) 13... Bb7 14. Nd2 (14. dxc5 {was played in Volokitin,A (2678)
-Wojtaszek,R (2635)/Crete 2007/CBM 121/[Ftacnik] (0-1, 33), which also
contains a survey of the variation.}) 14... cxd4 15. cxd4 {Black has obtained
the control of the d5-square, but the vulnerability of the e4-pawn, combined
with the activity of White's minor pieces and the relative weakness of the
c5-square maintain the position quite tensioned.} Re8 (15... Qxd4 16. Nxe4 Qxd1
17. Raxd1 $14) 16. Nb3 $146 (16. Bxf6 {Charbonneau,P (2503)-Benjamin,J (2576)/
ICC 2007 (0-1, 80)}) 16... Nxb3 (16... Nc4 $5 {is an important alternative,
preventing the activation of the Spanish bishop.}) 17. Bxb3 Nd5 {This move
leaves the f7-pawn under the X-Ray attack of the b3-bishop. The merits of the
move is that after the exchange of the g5-bishop Black will get some stability
on dark squares.} (17... Bd5 $5 {should also be mentioned. Here, too, it is
not easy for Black to neutralize White's pressure completely.} 18. Rc1 h6 (
18... Rc8 $2 19. Rxc8 Qxc8 20. Bxf6 Bxb3 21. Qxb3 Bxf6 22. Qxf7+ $18) 19. Bh4
$14 (19. Bxf6 Bxf6 20. Rc5 Bxb3 21. Qxb3 Qxd4 22. Qxf7+ Kh8 $132)) 18. Bxe7
Rxe7 19. Rc1 Nf4 $6 {Black moves again with a well-placed piece, before having
completed his development. Besides, the dangerous diagonal is opened.} ({
The developing move} 19... Qd6 {would be more desirable.} 20. Rxe4 $5 ({
This looks tempting, but maybe the more restrained} 20. Qc2 $14 {is better and
only if} Rd8 {then} 21. Rxe4 $1 {for instance} Nb4 22. Nxf7 $1 Rxf7 23. Bxf7+ {
[%cal Gg8f7,Gc2c7]} Kf8 24. Re6 Nxc2 25. Rxd6 Rxd6 26. Rxc2 Bxg2 27. Kxg2 Kxf7
$14) 20... f6 21. Rc5 $5 (21. f4 $5) 21... Rae8 {[%cal Gf6e5] /\fxe5.} (21...
fxe5 $2 22. Rxd5 Bxd5 23. dxe5 Rxe5 24. Rxe5 Qxe5 25. Qxd5+ Qxd5 26. Bxd5+ Kf8
27. Bxa8 $18) 22. Nf7 $1 Kxf7 23. Bxd5+ Bxd5 24. Qh5+ Kf8 25. Rxd5 Qc6 26. Rxe7
Qc1+ $1 $11) 20. Qg4 Ng6 (20... Nd3 21. Qf5 $1 {[%csl Gf7]} Nxe5 22. dxe5 {
transposes}) 21. Qf5 Nxe5 22. dxe5 Qf8 23. Rc5 Rd8 24. Rec1 $14 {Black is
under serious pressure.} Qe8 25. Rc7 h6 26. R1c5 Rxc7 27. Rxc7 Bd5 28. Bxd5
Rxd5 29. Rc8 Rd8 30. Rc7 Rd1+ 31. Kh2 Rd5 32. Rc8 Rd8 33. Rxd8 Qxd8 34. Qxe4
Qd2 35. Qa8+ Kh7 36. Qe4+ Kg8 37. f4 Qxb2 38. e6 fxe6 39. Qxe6+ Kh7 40. Qe4+
Kh8 41. Qa8+ Kh7 42. Qxa6 Qd4 43. Qxb5 Qxf4+ 44. Kg1 Qd4+ 45. Kh2 1/2-1/2